| 000 | 00531nab a2200157Ia 4500 | ||
|---|---|---|---|
| 003 | ES-SlBCS | ||
| 005 | 20210601134127.0 | ||
| 008 | 140529s2013 xxu||||| |||| 00| 0 por d | ||
| 041 | _apor | ||
| 100 | 1 |
_aOliveira, Avelino da Rosa _9213912 |
|
| 245 | 0 | 0 |
_aGovernamentalidade e práxis educacional na contemporaneidade _c Avelino da Rosa Oliveira, Kelin Valeirao |
| 650 | 0 | 4 |
_aEducación _986687 |
| 700 | 1 |
_aValeirao, Kelin _9213913 |
|
| 773 | 0 |
_tEducaçao e Filosofia _gvol. 27, nº. 54, 2013, págs. 559-578 _wRev1534 |
|
| 942 | _cAR | ||
| 999 |
_c607500 _d607500 |
||